ბათუმის შოთა რუსთაველის სახელმწიფო უნივერსიტეტის ბიბლიოთეკა

Стать экологичным / (ბიბ.ჩანაწერი № 62530)

000 -LEADER
fixed length control field 01594nam a22002177a 4500
005 - DATE AND TIME OF LATEST TRANSACTION
control field 20241129113510.0
008 - FIXED-LENGTH DATA ELEMENTS--GENERAL INFORMATION
fixed length control field 241129s2022 ru ||||| |||| 00| 0 rus d
020 ## - INTERNATIONAL STANDARD BOOK NUMBER
International Standard Book Number 9785911036164 X
041 ## - LANGUAGE CODE
Language code of text/sound track or separate title rus
080 ## - UNIVERSAL DECIMAL CLASSIFICATION NUMBER
Universal Decimal Classification number 504 М-79
100 ## - MAIN ENTRY--PERSONAL NAME
Personal name Мортон, Тимоти.
9 (RLIN) 23830
245 ## - TITLE STATEMENT
Title Стать экологичным /
Statement of responsibility, etc. Тимоти Мортон ; пер. с англ. Дмитрий Кралечкин
250 ## - EDITION STATEMENT
Edition statement 2-е изд
264 ## - PRODUCTION, PUBLICATION, DISTRIBUTION, MANUFACTURE, AND COPYRIGHT NOTICE
Place of production, publication, distribution, manufacture Москва :
Name of producer, publisher, distributor, manufacturer Ад Маргинем Пресс,
Date of production, publication, distribution, manufacture, or copyright notice 2022.
300 ## - PHYSICAL DESCRIPTION
Extent 198 с.:
Other physical details 18 см.
653 ## - INDEX TERM--UNCONTROLLED
keyword Стать экологичным
653 ## - INDEX TERM--UNCONTROLLED
keyword Биологические науки -- Общая экология -- Антропические факторы среды и приспособление к ним | экология общая | антропические факторы среды | адаптации | глобальная политика | глобальная экономика | этика постчеловеческая | субъектно-объектные отношения (мышление) | знания о мире, формирование | устойчивые будущности | экологические знания, проживание | экологическая информация | глобальное потепление | объектно-ориентированная онтология | экологичность
653 ## - INDEX TERM--UNCONTROLLED
keyword ეკოლოგია
700 ## - ADDED ENTRY--PERSONAL NAME
Personal name Кралечкин, Дмитрий
Relator term მთარგმნელი
9 (RLIN) 23831
942 ## - ADDED ENTRY ELEMENTS (KOHA)
Source of classification or shelving scheme
Koha item type წიგნი
ეგზემპლარები
Withdrawn status Lost status Source of classification or shelving scheme Damaged status Not for loan Permanent Location Current Location Shelving location Date acquired Cost, normal purchase price Full call number Barcode Date last seen Copy number Price effective from Koha item type Public note
          ბათუმის შოთა რუსთაველის სახელმწიფო უნივერსიტეტის მთავარი ბიბლიოთეკა ბათუმის შოთა რუსთაველის სახელმწიფო უნივერსიტეტის მთავარი ბიბლიოთეკა წიგნსაცავი 2024-11-29 42.00 504 М-79 69888 2024-11-29 69888 2024-11-29 წიგნი 42.00